000 00748nam a22002537a 4500
001 55969
003 UA-OsUOA
005 20200218121433.0
007 ta
008 20080925b un ||||| |||| 00| 0 ukr d
020 _a9663463147
040 _aUA-OsUOA
_bukr
_cUA-OsUOA
_dUA-OsUOA
041 _aukr
080 _a330.322.3:33(477)
090 _a330.322.3:33(477)
_bП31
100 _aПехник А. В.
245 _aІноземні інвестиції в економіку України
_bнавч. посіб.
260 _aК.
_bЗнання
_c2007
300 _a335 с.
650 7 _a330 Економіка взагалі
_2UDC
942 _cBK
_2udc
955 _a2
999 _c342029
_d342029